Datum a čas kvízu
31
Celkem bodů
Celkový počet nahraných bodů na tomto kvízu bez doplňovacích otázek.
7.
Pořadí na kvízu
Konečné umístění týmu na tomto kvízu.
Zaznamenané odpovědi
| # | Otázka | Odpověď | Body | Výsledky |
|---|---|---|---|---|
| 1. | V úterý byli do pražské zoo př... | (lední) medvědi | 1 | |
| 2. | Buckinghamský palác odhalil v... | D) motýl | 1 | |
| 3. | Minulý týden začal režisér Tom... | Tři princezny | 0 | |
| 4. | Podnikatel Jan Čermák minulý t... | TV Barrandov | 1 | |
| 5. | Dvacetiletý atlet Tomáš Habart... | D) na 3 000 m překážek | 1 | |
| 6. | Jména Mnata, Vojen či Vnislav... | A | 0 | |
| 7. | K Janu Žižkovi se váže jistá p... | C | 0 | |
| 8. | Přiřaďte k sobě dvojice hrdinů... | 1C 2B 3D 4A | 0 | |
| 9. | O hřbitovním kostele sv. Maří... | Svatební košile | 1 | |
| 10. | Branišovský les na okraji Česk... | 3 | 1 |